000 00284nam a2200109Ia 4500
008 200302s9999 xx 000 0 und d
100 _aMatthew Driscoll
245 _aFrom me to we the changing workplace
260 _bDesign Media Publishing (UK) Ltd.,
260 _c2016
300 _a267
999 _c6188
_d6188